000 00579nam a2200193Ia 4500
999 _c22444
_d22444
003 OSt
005 20200519121115.0
008 190216s9999||||xx |||||||||||||| ||und||
020 _a8174350381
040 _coclc
082 _a297
_bARN/L
100 _aArnold, Thomas W
_91987
245 0 _aThe Legacy Of Islam /
_cThomas Arnold ; Alfred Guillaume
250 _a1st ed.
260 _bAdam Publishers&Distributors,
_c1995.
_aDelhi:
300 _a416p
650 0 _aHistory & geography
_vIslamic History
_92271
942 _cBK
_2ddc
_h297
_iARN/L
_k297
_mARN/L